Statistics for Chemistry Quiz

Click here to take the quiz!

General Stats

  • This quiz has been taken 23 times
  • The average score is 6 of 22

Answer Stats

HintAnswer% Correct
don't hold shape and compressibleGas
74%
don't hold shape and incompressibleLiquid
74%
hold their shape and incompressibleSolid
74%
Anything that takes up space and has massMatter
68%
ability to do work or cause changeEnergy
42%
2 or more atoms chemically combinedMolecule
42%
the basic unit of a chemical elementAtom
37%
change the identity (and usually form) of a substance, mostly irreversibleChemical Change
21%
substances that cannot be divided into simpler substances by ordinary meansElements
21%
Homogenous Mixture - uniform in appearanceSolution
21%
Heterogenous Mixture - not uniform in appearanceSuspension
21%
answer is rounded to accurately known digitaddition and subtraction
11%
answer has the same number of significant figures as the least accurate factormultiplication and division
11%
change in form, not a substance (generally reversible)Physical Change
11%
C --> K-273.15
5%
2 or more substances combined (composition is set)Chemical Combination
5%
substance composed of 2 or more different elements in a chemical combinationCompound(ed Element)
5%
2 or more pure substances (composition is random)Physical Combination
5%
Property Determined using the SensesPhysical Property
5%
ability to undergo a chemical reaction determined by an experimentChemical Property
0%
Signs of Chemical Change - (i.e. changes)gas, light, heat, sound, color, precipitate
0%
Metric Base unitsgram, liter, meter
0%

Score Distribution

Percentile by Number Answered

Percent of People with Each Score

Your Score History

You have not taken this quiz